000 00438nam a2200193Ia 4500
005 20240823040426.0
008 240823s9999||||xx |||||||||||||| ||und||
020 _a81-7229-159-0
041 _aENGLISH
082 _A354.540096 P9
100 _aGandhi M K
245 0 _aGanghji Expects
250 _a1st
260 _c2009
_bNavajivan Publishing
500 _aYES
650 _aGeneral
_bGeneral
942 _cBK
999 _c203075
_d203075